Statistics for World cup winners '30-22

Click here to take the quiz!

General Stats

  • This quiz has been taken 19 times
  • The average score is 21 of 22

Answer Stats

HintAnswer% Correct
1966England
100%
2018France
100%
1998France
100%
2022Argentina
95%
1978Argentina
95%
1986Argentina
95%
2002Brazil
95%
1958Brazil
95%
1962Brazil
95%
1970Brazil
95%
1994Brazil
95%
2014Germany
95%
1954Germany
95%
1974Germany
95%
1990Germany
95%
2006Italy
95%
1982Italy
95%
1934Italy
95%
1938Italy
95%
2010Spain
89%
1950Uruguay
84%
1930Uruguay
84%

Score Distribution

Percentile by Number Answered

Percent of People with Each Score

Your Score History

You have not taken this quiz